¿Cómo autorregular la distorsión en la comunicación lingüística?

Збережено в:
Бібліографічні деталі
Автор: Bustos Arratia, Myriam
Формат: Книга
Мова:Undetermined
Опубліковано: San José, Costa Rica EUNED 1980
Предмети:
Теги: Додати тег
Немає тегів, Будьте першим, хто поставить тег для цього запису!

MARC

LEADER 00000nam a2200000Ia 4500
008 170316s9999 xx 000 0 und d
090 |a 410 B-33c 
100 |a Bustos Arratia, Myriam 
245 |a ¿Cómo autorregular la distorsión en la comunicación lingüística? 
260 |a San José, Costa Rica 
260 |b EUNED 
260 |c 1980 
300 |a 414 páginas 
650 |a LINGÜÍSTICA 
999 |c 18255  |d 18255 
040 |a cru BVZT 
942 |c 15 D  |h 410 B-33c  |2 z